Statistics for Countries that Bordered Germany before World War II (1939)

Click here to take the quiz!

General Stats

  • This quiz has been taken 1,899 times
  • The average score is 11 of 13

Answer Stats

Country% Correct
Poland
98%
France
97%
Belgium
94%
Netherlands
94%
Denmark
93%
Switzerland
91%
Luxembourg
89%
Italy
84%
Hungary
81%
Yugoslavia
67%
Liechtenstein
66%
Lithuania
63%
Slovakia
63%

Score Distribution

Percentile by Number Answered

Percent of People with Each Score

Your Score History

You have not taken this quiz